Online Catalogue and eLibrary

Kolamba buumikawa (Record no. 5021)

MARC details
000 -LEADER
fixed length control field 00384nam a2200157Ia 4500
005 - DATE AND TIME OF LATEST TRANSACTION
control field 20250624030200.0
008 - FIXED-LENGTH DATA ELEMENTS--GENERAL INFORMATION
fixed length control field 240331s9999 xx 000 0 und d
020 ## - INTERNATIONAL STANDARD BOOK NUMBER
ISBN 9558095001
082 ## - DDC Classification
Item Number - Author Mark DIX
Class No. 327
100 ## - MAIN ENTRY--PERSONAL NAME
Personal name Dixsit,J.N
245 #0 - TITLE STATEMENT
Title Kolamba buumikawa
260 ## - PUBLICATION, DISTRIBUTION, ETC.
Place of publication, distribution, etc. Colombo
Name of publisher, distributor, etc. Vijitha Yapa Bookstore
Date of publication, distribution, etc. 1998
300 ## - PHYSICAL DESCRIPTION
Extent (e.g. Volumes, Pages etc.) 479 p .,
500 ## - GENERAL NOTE
General note Indo - Lanka relations
942 ## - Koha item type (Biblio)
Koha item type Books in Stacks (Lending)
Holdings
Lost status Damaged status Collection code Home library Current library Shelving location Date acquired Full call number Accession Number Item type
    Lending WERC Library WERC Library Social Science Cupboard 03/31/2024 327.54 DIX 2630 Books in Stacks (Lending)

© WERC Library